[Event "Dyfed Open"]
[Site "Fishguard"]
[Date "2019.02.24"]
[Round "5.8"]
[White "Taylor, Robert Graham"]
[Black "Waterfield, John W"]
[Result "0-1"]
[WhiteElo "1809"]
[BlackElo "1935"]
[Annotator "kemen"]
[PlyCount "90"]
[EventDate "2019.??.??"]

{[%evp 0,142,11,30,30,-13,4,5,-5,1,10,8,43,38,62,27,33,33,64,50,40,14,-4,-1,-9,
-12,-8,0,15,17,19,-4,0,8,4,-10,-10,-10,-10,-25,-20,-15,-24,-26,-26,-70,-49,
-126,-126,-38,-74,-96,-21,0,0,-25,57,57,57,36,39,39,42,25,33,-143,-134,-159,
-159,-171,-154,-260,-147,-152,-152,-153,-114,-147,-152,-153,-149,-149,-149,
-149,-149,-149,-176,-181,-184,-199,-210,-210,-210,-210,-149,-203,-176,-171,-86,
-79,17,-9,0,-9,-9,-9,-9,-9,-27,-27,-27,-27,-9,-27,17,-36,0,-27,-27,-27,-16,-27,
-9,-9,14,14,67,93,105,-142,-20,0,104,-290,-472,-472,-472,-472,-472,-472,-464,
-287,-358,-710,-866]} 1. Nf3 Nf6 2. b3 g6 3. Bb2 Bg7 4. e3 O-O 5. d4 {a
favourite line of Nakamura} Ne4 (5... d6) (5... d5) (5... c5 {main lines}) 6.
Nbd2 f5 (6... d5 {eg} 7. Bd3 f5 8. O-O Nd7 9. c4 e6 10. Ne5 Nxe5 11. dxe5 Nxd2
12. Qxd2 dxc4 13. bxc4 c5 {Spirin-Bychkov, Novokuznetsk Old Stagers op 2015,0-1
}) 7. h4 $146 {Stockfish10} (7. Bd3 d5 {1 Wh win, 4 draws, 5 Bl wins incl
Spirin-Bychov above}) (7. Be2 c5 {1 Wh win, 2 Bl ones}) 7... h5 8. Nxe4 (8. c4)
8... fxe4 9. Ng5 d5 10. Be2 Bf5 11. c4 (11. g4 $16 {Stockfish10}) 11... e6 (
11... c6 $11 {Stockfish10}) 12. Ba3 Re8 (12... Rf6 13. f3 (13. f4 Nd7 14. Kf2
$16 {Stockfish10})) 13. g4 (13. Bxh5 $1 $18 {Stockfish10 & Komodo12} Nd7 (13...
gxh5 14. Qxh5 Nd7 15. g4 Qf6 16. gxf5 Qxf5 17. f3 $18 (17. O-O-O $18)) 14. g4
Nf6 15. gxf5 gxh5 16. Nxe6 Rxe6 17. fxe6 $18 {Stockfish10}) 13... hxg4 14. Bxg4
Bf6 (14... Nd7 $11 {Stockfish10}) 15. Bxf5 (15. Rg1 $18 {also}) 15... exf5 16.
Rg1 (16. h5 $1 $18 Bg7 (16... Bxg5 17. hxg6 Bh6 18. Qh5 (18. Rxh6 Qg5 19. Rh7
Qxg6 20. Rxc7 $18) 18... Qg5 19. Qh2 Na6 20. O-O-O Kg7 21. Rdg1 $18 {
Stockfish10}) 17. Rg1 Nd7 18. cxd5 Nf6 19. hxg6 Qxd5 20. Qc2 Qa5+ 21. b4 Qb5
22. Qxc7 Qd7 23. Qxd7 Nxd7 24. Rc1 $18 {Stockfish10}) (16. Ke2 $18) 16... c6
17. Bb2 (17. Qd2 $16) (17. Ke2 $16) 17... Nd7 $11 18. Nh3 Kf7 19. h5 (19. cxd5
cxd5 20. Nf4 Rg8 21. b4 Nb6 22. Rxg6 Rxg6 23. Qh5 Qg8 24. Ke2 Nc8 25. Rg1 Ne7
26. Nxg6 Nxg6 27. b5 Rc8 28. Kd2 (28. Qxf5 Rc2+ 29. Kd1 Rxb2 30. Qd7+ Kf8 31.
Qc8+ Kf7 32. Qd7+ $11) 28... Qf8 29. Qxg6+ Ke6 30. Rg5 Qb4+ 31. Kd1 Rf8 32.
Qxf5+ Ke7 33. Rh5 Qxb2 34. Qxd5 Qb1+ 35. Ke2 Qd3+ 36. Ke1 Qb1+ $11 {Stockfish10
}) 19... g5 $17 20. h6 g4 21. Nf4 Nf8 22. Qd2 Ng6 $19 23. Nh5 Rh8 (23... Nh4
$19 {Stockfish10}) 24. Qb4 (24. Nxf6 Nh4 25. O-O-O Kxf6 26. Qb4 Qe7 27. Qa4 Nf3
$17 {Stockfish10}) 24... Qe7 25. Qxe7+ Bxe7 26. cxd5 cxd5 27. Rc1 Rxh6 $19 28.
Ng3 Nh4 29. Ke2 Bd6 (29... Nf3 30. Rh1 Rxh1 31. Rxh1 Kg6 $19) 30. Rh1 Rah8 (
30... Kg6 $19) 31. Rc2 (31. Rxh4 Rxh4 32. Nxf5 g3 33. Nxd6+ (33. Nxh4 Rxh4 34.
Rf1 Rh2 35. Bc3 Ke6 36. Be1 Kf5 $19) 33... Ke6 34. Nxe4 Rxe4 35. Rg1 gxf2 36.
Rf1 Rc8 37. Kd2 Rf8 $19 {Stockfish10}) 31... Ke6 32. Nf1 Ng2 (32... Nf3 {
is stronger} 33. Rxh6+ Rxh6 34. Rc8 Ng1+ 35. Ke1 Bb4+ 36. Kd1 Rh1 37. Ng3 Rh2
38. a3 (38. Bc3 Kd7) 38... Be7 39. Re8 Nh3 $19 {Stockfish10}) 33. Rxh6+ Rxh6
34. Rc8 Rh1 (34... f4 $1 $19) 35. Ra8 (35. Bc1 {holds a little longer} f4 36.
exf4 Bxf4 37. Be3 Kf7 38. Rc5 g3 $19 {Stockfish10}) 35... f4 36. exf4 Nxf4+ 37.
Ke3 Rxf1 38. Rxa7 Re1+ (38... Rd1 39. f3 g3 40. fxe4 Rd3# {Stockfish10}) (38...
Nd3 39. Ke2 Rxf2+ 40. Kd1 Bb4 41. Bc1 Rf1+ 42. Ke2 Re1# {Stockfish10}) 39. Kd2
Bb4+ 40. Kc2 Re2+ 41. Kb1 Nd3 42. Ba3 Bxa3 43. Rxa3 Rb2+ 44. Ka1 Rxf2 (44...
Rc2 45. Ra6+ bxa6 46. a4 Rxf2 47. b4 g3 48. b5 g2 49. bxa6 g1=Q# {Stockfish10})
45. Kb1 g3 (45... Rb2+ 46. Ka1 Rc2 47. Ra6+ bxa6 48. a4 g3 {most accurate
according to Stockfish10}) (45... g3 46. Ra8 g2 47. Rg8 e3 (47... Rf1+ 48. Kc2
g1=Q $19 {but the Engine is after the speediest mate}) 48. Rg6+ Kf7 49. Rg3 e2
50. Rf3+ Rxf3 51. Kc2 e1=Q 52. b4 Qf2+ 53. Kb3 (53. Kb1 g1=Q#) 53... Nb2#) 0-1

[Event "Dyfed Open"]
[Site "Fishguard"]
[Date "2019.02.24"]
[Round "5.9"]
[White "Van Kemenade, Rudy"]
[Black "Fraser, Susanna"]
[Result "0-1"]
[WhiteElo "1944"]
[BlackElo "1578"]
[Annotator "kemen"]
[PlyCount "94"]
[EventDate "2019.??.??"]

{[%evp 0,10,20,-32,-32,-24,-25,-56,-61,-58,-63,-43,-48]} 1. f4 d5 2. Nf3 Nf6 3.
g3 Bf5 4. d3 (4. Bg2) 4... e6 (4... h6 5. Bg2 e6 6. O-O Bd6 7. Nc3 O-O 8. Qe1 {
Van Kemenade-Baumbach, EU Seniors ch tm 2017,0-1}) 5. Bg2 Be7 (5... Bc5 6. e3 {
main} O-O 7. O-O c6 8. h3 {Van Kemenade-Fritsch, EU Seniors ch tm, 2012,1-0})
6. O-O h6 7. Qe1 O-O 8. h3 c5 9. Nc3 (9. Ne5 Nc6 10. Nxc6 bxc6 11. c3 Qb6 12.
Kh1 d4 13. Na3 Nd5 14. Nc4 Rab8 15. Nxb6 {Van Kemenade-Robinson, S Wales New
Year 2019,1-0}) 9... Nc6 10. e4 dxe4 (10... Bh7 11. g4 Nd4 12. Rf2 Re8 13. g5
hxg5 14. fxg5 Nd7 15. exd5 exd5 16. Qf1 Nxf3+ 17. Bxf3 Ne5 18. Bxd5 Bxg5 {
Lipok-Kaunzinger, Bayern Ch, Bad Woerishofen 2006,0-1}) 11. dxe4 Bh7 12. e5 Ne8
(12... Nd5 {is simpler; the N lands up here later anyway}) 13. Rf2 (13. Be3 Nb4
14. Rd1 Qc7 15. Qe2 Nxc2 16. Bf2 Nb4 17. a3 Nc6 18. Rd2 $11 {Stockfish10})
13... Qb6 14. Kh2 (14. Ne4) 14... Rd8 15. Ne4 Nc7 16. c3 Nd5 17. Nfd2 Na5 18.
Nf1 {Stockfish10} Rd7 19. g4 (19. Ne3) (19. b3 {Stockfish10; both considered
by Wh}) 19... Re8 20. Nfg3 Nc6 21. Re2 (21. Qe2) 21... c4 22. Bf3 (22. b3 cxb3
23. axb3 Qc7 24. Bd2 $11 {Stockfish10}) 22... Red8 23. Rg2 (23. Nh5 $5 {
Stockfish10}) 23... a6 {a waiting move} (23... g5 {Stockfish10; considered by
Wh}) (23... Qc7 24. Nh5 g5 $17 {Stockfish10}) 24. Qe2 (24. Nh5 $11 {Stocfish10}
) 24... Na5 (24... Bh4 25. Qxc4 Ne3 26. Bxe3 Qxe3 27. Rf1 Kh8 $11 {Stockfish10}
) 25. f5 Qc6 $2 (25... Nc6 26. f6 Bf8 (26... gxf6 27. exf6 Bf8 28. g5 Qc7 29.
gxh6 Nf4 30. Bxf4 Qxf4 31. Kg1 Kh8 32. Nh5 Qxh6 33. Ng5 Bg6 34. Nf4 Bf5 $11 {
Stockfish10}) 27. fxg7 Bxg7 28. g5 Bxe5 29. gxh6 Kh8 30. Kh1 $11) (25... Qc7 {
expected by Wh} 26. fxe6 fxe6 27. g5 hxg5 28. Bg4 Nf4 29. Bxf4 gxf4 30. Bxe6+
Kh8 31. Nf5 f3 32. Qxf3 Qxe5+ 33. Qg3 Qxg3+ 34. Nexg3 Rc7 35. Re1 $14 {
Stockfish10}) 26. f6 $18 gxf6 (26... Bf8 27. fxg7 Bxg7 28. Nf6+ (28. g5) 28...
Bxf6 29. exf6 Qd6) 27. Nxf6+ (27. exf6 Bf8 28. g5 (28. Nh5 Qc7+ 29. Kh1 Kh8 30.
g5 Nc6 (30... hxg5 31. Nxg5 Bg6 32. Qe1 $18 Bxh5 33. Qh4 Nxf6 34. Bxh5)) 28...
Qc7 29. gxh6 Kh8 30. Kg1 Nc6 $11 {Stockfish10}) (27. Kh1 {Stockfish10} fxe5 28.
Bxh6 Nf4 29. Bxf4 exf4 30. Nf6+ $18) 27... Bxf6 28. exf6 Qd6 29. Bxh6 (29. g5
Nf4 $1 30. Bxf4 Qxf4 31. Be4 Rd2 32. Bxh7+ Kxh7 33. g6+ Kg8 34. gxf7+ Kxf7 35.
Qh5+ Kf8 36. Qc5+ Kg8 37. Rf1 Rxg2+ 38. Kxg2 Rd2+ 39. Rf2 Rxf2+ 40. Qxf2 Qxf2+
41. Kxf2 Kf7 42. Ne4 b6 $11) (29. Qd2 Qf8 30. Qxh6 Qxh6 31. Bxh6 Nxf6 32. Bg5
$18 {Stockfish10}) (29. Bxd5 $1 Qxd5 (29... exd5 30. Bxh6 Qxf6 31. Qd2 {
the Bl K side is just too weak, while the N & 2 Rs are offside} (31. Nf5 $18)
31... Nc6 (31... Qd6 32. Bf4 Qg6 33. Re1 $18 (33. Nh5 $18)) 32. Rf1 $18 (32.
Bg5 $18)) 30. Bxh6 Nc6 31. Re1 $18 {Stockfish10}) 29... Nxf6 (29... Nf4 30.
Bxf4 Qxf4 31. Be4 Rd2 32. Bxh7+ Kxh7 33. Qe4+ Qxe4 34. Nxe4 Rxg2+ 35. Kxg2 $18
{Stockfish10}) 30. Bg5 $18 (30. Qe3 {considered} Bg6 {Stockfish10} 31. Qg5 e5
32. Rd1 Qe6 33. Nh5 Ne8 34. Qxd8 Rxd8 35. Rxd8 Bxh5 36. gxh5+ Kh7 37. Bd5 Qe7
38. Bg5 Qf8 39. Be4+ f5 40. Rf2 $18 {Stockfish10}) 30... Kg7 31. Rf1 {an
afterthought, missing the reply, having considered several alernatives} (31.
Kh1 {initial idea} Rg8 {pm analysis} (31... Nc6 32. Re1 Bd3 33. Qf2 Nh7 34.
Nh5+ Kg8 35. Bxd8 Rxd8 36. Qe3 $18 {Stockfish10}) 32. Qe3 (32. Qf2 {
Stockfish10, considered, hence thought bringing an extra pice in play would be
better} Ne8 33. Rd1 Qc7 34. Rxd7 Qxd7 35. Nh5+ Kh8 36. Qh4 Rg6 37. Rd2 $18) (
32. Nh5+ Nxh5 33. gxh5 Kf8 34. Bh6+ Ke7 35. Rxg8 Bxg8 36. Qg2 Qb8 37. Qg5+ f6
38. Qxa5 $18 {Wh had noticed that the N was loose}) 32... Bd3 (32... Ne8 33.
Nh5+ Kh8 (33... Kf8 34. Bf4 Qd3 35. Qc5+) 34. Bf6+ Nxf6 35. Nxf6 Rg6 36. Nxd7
Qxd7 37. Qe5+ Rg7 38. Qxa5 $18) 33. Nh5+ Nxh5 34. gxh5 Kh7 35. Rag1 e5 36. Be7
$18 {Stockfish10}) 31... Bd3 32. Bxf6+ {panic reaction} (32. Qe3 Bxf1 33. Rf2
Bxh3 (33... Nh7 34. Bxd8 Rxd8 35. Rxf1 Qd2+ 36. Qf2 Qxf2+ 37. Rxf2 Nc6 38. Nh5+
(38. Bxc6 bxc6 39. Nh5+ $16) 38... Kf8 39. Kg3 $16 {the h pawn is better than
the e pawn}) 34. Bh6+ Kh7 (34... Kh8 35. Qg5 Ne8 36. Kxh3 $18) 35. Kxh3 Rg8 36.
Be4+ Nxe4 37. Nxe4 Qe5 38. Nf6+ Qxf6 39. Rxf6 Rd3 40. Rxf7+ Kg6 41. Re7 Rxe3+
42. Bxe3 Kf6 43. Rd7 $16 {Stockfish10}) (32. Qf2 Bxf1 33. Qxf1 Qc7 (33... Qe5
34. Qc1 Nc6 35. Re2 Rd1 36. Rxe5 Rxc1 37. Bxc6 Rc2+ 38. Bg2 Rd1 39. Re2 Rxe2
40. Nxe2 Rb1 41. Bc1 Nd7 (41... b5 42. Bc6 $18) 42. g5 Nc5 43. h4 Nd3 44. Be4
Ra1 45. Be3 Rxa2 46. Kg3 $18 (46. Nf4 $18 Rxb2+ 47. Kg3 Nxf4 48. Bxf4 Rb5 (
48... a5 49. Be5+ $18 {the h pawn goes through}) 49. h5 f5 (49... a5 50. h6+
Kg8 51. Kg4 e5 52. Bc1 Rb6 53. Ba3 Re6 54. Bxb7 $18) 50. gxf6+ Kxf6 51. Kg4 $18
{Stockfish10})) 34. Rf2 Nd5 35. Bxd8 Rxd8 (35... Qxd8 36. Bxd5 exd5 (36... Rxd5
37. Rxf7+) 37. Rf6 Nc6 38. Qf4 $18) 36. Be4 Kf8 37. Bg6 (37. g5 $18) 37... Rd7
38. Qc1 Kg7 39. Be4 Qe5 40. h4 Nc6 41. Kh3 $18 {Stockfish10}) 32... Kxf6 33.
Be4+ Kg7 $11 34. Bxd3 cxd3 35. Qe3 (35. Qf3 Nc4 36. Qf6+ Kg8 37. b3 Qe5 38.
Qxe5 Nxe5 39. Ne4 Kg7 40. Rd2 $11 {Stockfish10}) 35... Nc4 36. Qg5+ Kf8 37.
Qh6+ (37. b3 d2 38. Rd1 Nb2 39. Rgxd2 Qxd2+ 40. Rxd2 Rxd2+ 41. Kh1 Rd1+ 42. Kg2
R1d2+ 43. Kf3 R8d3+ 44. Ke4 Nd1 45. Qc5+ Kg8 46. Qg5+ Kf8 $11 {Stockfish10})
37... Ke8 38. Qh8+ $2 {Wh worked out a forced mate, then saw after playing the
move the obvious response} (38. b3 d2 39. Rd1 Nb2 40. Rgxd2 Qxd2+ 41. Rxd2
Rxd2+ {as above}) (38. Rd1 Rc7 (38... d2 39. Re2 Nxb2 40. Rdxd2 $18 Qxd2 $2 41.
Qh8+ Ke7 42. Nf5#) (38... Qe5 39. Rf2 Ne3 (39... d2 40. Re2 Qc7 41. Qh8+ Ke7
42. Qh4+ Ke8 $11) 40. Rdd2 Nc4 41. Rd1 Ne3 42. Rdd2 $11) 39. Rf2 Ne5 40. Re1 d2
41. Rd1 Rc4 42. Qh8+ Kd7 43. Qf6 Kc8 44. Rfxd2 Qxd2+ 45. Rxd2 Rxd2+ 46. Kg1 Rd5
$11 {Stockfish10}) 38... Qf8 $19 (38... Ke7 $2 39. Rxf7+ Kxf7 40. Rf2+ Ke7 (
40... Qf4 {Stockfish1o delays things} 41. Rxf4+ Ke7 42. Qf6+ Kd6 43. Rxc4 Rh7
44. Qxd8+ Rd7 45. Ne4+ Kd5 46. Qxd7+ Kxc4 47. b3#) 41. Qf6+ Ke8 42. Qg6+ Ke7
43. Qf7# (43. Rf7+ Ke8 44. Qg8+ Qf8 45. Qxf8# {actually seen})) 39. Qf6 {
now the Q is on a worse square than before} Ne3 (39... d2 {is even stronger}
40. Qf4 Nxb2 (40... d1=Q 41. Rxd1 Rxd1 42. Qxc4 Qd6 $19) 41. Ne4 d1=Q 42. Rxb2
Qd3 $19 (42... Qxf1 43. Qxf1 f5 $19 {Stockfish10})) 40. Rff2 (40. Rd2 Nxf1+ 41.
Nxf1 Rd5 42. Ne3 Qd6+ 43. Kg2 Ra5 44. b3 Rc5 45. Nc4 Qd5+ 46. Kf2 Qe4 $19 {
though Wh survives longer}) 40... Nxg2 41. Nh5 d2 (41... Rd5 $1 $19 {
Stockfish10}) (41... Re7 42. Ng7+ Kd7 43. Kxg2 Kc8 $19) 42. Ng7+ Qxg7 43. Qxg7
d1=Q 44. Qg8+ Ke7 45. Rxf7+ (45. Qg5+ Kd6 46. Rd2+ Qxd2 47. Qxd2+ Kc7 48. Qf2
Kb8 $19 {Stockfish10}) 45... Kd6 46. Rxd7+ Rxd7 47. Qb8+ Ke7 0-1

[Event "Dyfed Open"]
[Site "Fishguard"]
[Date "2019.02.24"]
[Round "5.10"]
[White "Jones, Dewi"]
[Black "Pinch, David"]
[Result "0-1"]
[WhiteElo "1504"]
[BlackElo "1634"]
[Annotator "kemen"]
[PlyCount "54"]
[EventDate "2019.??.??"]

{[%evp 0,54,5,39,18,25,25,27,25,31,-13,-13,-13,10,-1,-6,43,46,74,30,92,78,78,
67,89,61,115,67,85,68,78,-209,-232,-232,-202,-266,-296,-377,-376,-376,-389,
-399,-393,-514,-505,-505,-356,-451,-451,-631,-632,-632,-644,-644,-667,-667,
-646]} 1. e4 e5 2. Nf3 Nc6 3. Bc4 Bc5 4. c3 Nf6 5. d4 exd4 6. cxd4 Bb4+ 7. Bd2
(7. Nc3 Nxe4 8. O-O Bxc3 9. d5 {Moeller Gambit}) 7... Bxd2+ 8. Nbxd2 O-O (8...
d5 {main line- breaking up the Wh pawn centre}) 9. e5 (9. O-O) (9. d5 Ne7) 9...
Ng4 (9... Ne8 {looks safer}) 10. h3 Nh6 11. O-O $16 d6 12. Re1 (12. exd6 Qxd6
13. Ne4 Qd8 14. a3 Re8 15. Neg5 Be6 16. Bd3 g6 17. Qd2 (17. Nxe6 Rxe6 18. Bc4
$16) 17... Nf5 18. Bxf5 Bxf5 $11 {Sezbekova-Stankulov, Bishkek Altyn Turun op
2017,1-0}) 12... Re8 (12... Nf5 13. Nb3 Re8 14. Qc2 (14. e6 fxe6 15. d5 $16 {
Stockfish10}) 14... a5 15. Rad1 Bd7 16. a3 (16. e6 $16) 16... Nh4 17. Nbd2 Bf5
18. Qb3 $18 Nxf3+ 19. Nxf3 Qd7 20. Ng5 {Schwab-Gelbenegger, AUT ch U14, Linz
2013,1-0}) 13. Qc2 $16 (13. exd6 Rxe1+ 14. Qxe1 Qxd6 15. Ne4 $18 (15. Qe8+ $18)
(15. d5 $18) 15... Qg6 16. d5 (16. Nh4 {wins the Q} Qh5 17. Ng3) 16... Bxh3 17.
g3 (17. Nh4 $18) 17... Re8 (17... Qh5 $11) 18. Nf6+ $18 {Kurekci-Unlu, World
School ch U07,Kayseri 2010,1-0}) 13... Bf5 14. Qc1 (14. Qc3 $16 {Stockfish10})
14... Qd7 (14... Nb4 15. exd6 Rxe1+ 16. Nxe1 Qxd6 17. Qc3 Rd8 18. Rd1 Nd5 19.
Qb3 Qc6 $11 {Stockfish10}) 15. Ne4 $2 (15. Bb5 $16) (15. Qc3 $16) 15... Bxe4
16. Rxe4 d5 $19 17. Rh4 dxc4 18. Rxh6 gxh6 19. Qxh6 Re6 20. Qh4 Rg6 21. Ng5 h6
22. Ne4 Qf5 (22... Qxd4) 23. Nf6+ Kh8 24. g4 Nxd4 (24... Qf4) 25. Qxh6+ Rxh6
26. gxf5 Nf3+ 27. Kg2 Nxe5 0-1

[Event "Dyfed Open"]
[Site "Fishguard"]
[Date "2019.02.24"]
[Round "5.11"]
[White "Haigh, Tony"]
[Black "Cooke, Mark"]
[Result "1/2-1/2"]
[WhiteElo "1793"]
[BlackElo "1368"]
[Annotator "kemen"]
[PlyCount "49"]
[EventDate "2019.??.??"]

{[%evp 0,49,23,30,56,32,40,46,65,52,68,57,60,43,40,32,34,39,32,19,56,-23,-24,
-27,-43,-56,-16,-15,-24,-94,-40,-68,-77,-74,-48,-59,2,-22,45,6,16,-4,6,-3,2,-9,
-13,-17,-14,-14,-6,-15]} 1. d4 c6 2. c4 Nf6 3. Nc3 g6 4. Bf4 Bg7 5. Nf3 d6 6.
e3 Bg4 (6... O-O {main}) 7. h3 (7. Be2 {main}) 7... Bxf3 (7... Bc8 8. Qb3 e6 9.
c5 d5 10. Bd3 Nh5 11. Bh2 Nd7 12. g4 Nhf6 13. Qc2 Ng8 14. Ne2 Bh6 15. h4 Qa5+
16. Kf1 Qd8 17. g5 Bg7 18. h5 {Calvo Sanchez-Gomez Velasco, Valladollid CC
Regalado 1989, 1-0}) 8. Qxf3 Nbd7 9. Bd3 (9. O-O-O) (9. Rd1) 9... Nh5 (9... e5
10. dxe5 Nxe5 $14 {Stockfish10}) (9... Ne5 10. dxe5 dxe5 11. O-O-O exf4 12.
Bxg6 Qa5 13. Bc2 fxe3 14. Qxe3 Nd7 15. Na4 e6 16. Kb1 O-O-O $11 {Stockfish10})
10. O-O (10. Bh2 O-O 11. O-O-O $16 {Stockfish10}) 10... Nxf4 11. Qxf4 e5 12.
dxe5 (12. Qg3 Qb6 13. Ne2 O-O-O $11 {Stockfish10}) 12... dxe5 $15 13. Qf3 O-O
14. Rac1 Nc5 (14... f5) 15. Bb1 f5 $15 16. e4 (16. b4 e4 17. Qd1 Qxd1 18. Rfxd1
Ne6 19. Ne2 Rfd8 $15 {Stockfish10}) 16... fxe4 (16... f4 $17 {Stockfish10}) 17.
Qe2 Nd3 (17... Ne6 $11) 18. Rcd1 Qg5 19. Nxe4 (19. Bxd3 exd3 20. Rxd3 Rad8 21.
Ne4 $14 {the N has a superb blockading square & the B is kept out of the game})
19... Nf4 20. Nxg5 (20. Qf3 Qe7 21. Qe3 Ne6 22. c5 Nd4 23. Bd3 b5 $14 {
Stockfish10}) 20... Nxe2+ 21. Kh1 Nd4 22. Ne4 b6 23. Nc3 Rae8 24. Be4 Rf6 25.
Kg1 $11 1/2-1/2

[Event "Dyfed Open"]
[Site "Fishguard"]
[Date "2019.02.24"]
[Round "5.12"]
[White "Chong, Kimberly"]
[Black "Andrews, Norman G"]
[Result "1-0"]
[WhiteElo "1720"]
[BlackElo "1605"]
[Annotator "kemen"]
[PlyCount "67"]
[EventDate "2019.??.??"]

{[%evp 0,103,18,40,48,34,34,11,103,62,43,47,47,39,92,76,82,27,86,29,14,1,33,
-11,-6,3,62,75,60,47,42,41,108,72,88,45,65,65,194,203,174,191,203,153,223,496,
537,537,610,610,927,940,831,963,963,963,29987,1039,1039,333,333,443,443,138,
141,28,93,49,210,-15,71,-65,0,-168,-62,-170,44,27,-5,-17,-17,-17,0,-71,0,-3,41,
-2,133,0,16,0,48,46,144,14,14,0,0,11,25,0,11,11,20,11]} 1. e4 c5 2. c3 g6 3.
Nf3 Nc6 4. Bc4 (4. d4) 4... Bg7 5. d4 (5. O-O) 5... cxd4 6. cxd4 e6 (6... d6)
7. Nc3 Nge7 8. Bg5 (8. O-O) 8... Qb6 (8... O-O {main. 1-3}) 9. Nb5 (9. O-O $16
{Stockfish10} Nxd4 10. Nxd4 Qxd4 (10... Bxd4 11. Na4 Qd6 12. Bf6 $18) 11. Nb5
Qxd1 12. Raxd1 Be5 13. Nd6+ Bxd6 14. Rxd6 f5 15. e5 $16) (9. e5 O-O (9... Nf5
$11) 10. Qd2 Nf5 11. Ne2 d5 12. Bb3 Re8 (12... h6 13. Bf6 Bxf6 14. exf6 Qb4 15.
Qxb4 Nxb4 $11 {Stockfish10}) 13. g4 $18 Nfe7 14. h4 Qb4 15. Nc3 Na5 16. Kf1 {
Raedisch-Bahr, Hamburg Seniors Open 2005,1/2-1/2}) 9... O-O $11 (9... d5 $15
10. exd5 exd5 11. Be2 (11. Nd6+ Kf8 12. Nxc8 Qb4+ 13. Qd2 Rxc8 14. Qxb4 Nxb4
15. Bb3 f6 (15... Nc2+ 16. Bxc2 Rxc2 17. b3 Ke8 18. Rc1 Rxc1+ 19. Bxc1 Kd7 $15)
) 11... O-O $15 {Stockfish10}) 10. Bf4 Qa5+ 11. Bd2 Qb6 12. Bf4 Qa5+ $11 13.
Qd2 Qxd2+ 14. Kxd2 a6 (14... d5 15. exd5 exd5 16. Bb3 {Stockfish10- the Wh K
is vulnerable in the centre Stockfish10} Bg4 $17) 15. Nc7 Ra7 (15... f5 16.
exf5 (16. Nxa8 fxe4 17. g3 d5 18. Ne5 dxc4 19. Nxc6 Nxc6 20. Be3 b5 21. Nb6
Nxd4 $11 {Stockfish10- Bl has 2 pawns for the exchange}) 16... Rxf5 17. Be3 Rb8
$11) 16. d5 (16. Bd6 $14) 16... e5 (16... b5 17. Bd3 (17. Bb3 d6 18. Nxb5 (18.
Bxd6 Rd8 {is dangerous with the K on the d file}) 18... axb5 19. dxc6 Nxc6 20.
Rad1 Bb7 21. Bxd6 Rc8 22. Ke3 Bxb2 $15 {Stockfish10}) 17... e5 18. Be3 Rxc7 19.
d6 Rb7 20. dxe7 Nxe7 21. Bc5 Re8 22. Bd6 Bh6+ $17) 17. Bg5 (17. Be3 $18) 17...
h6 (17... b5 $11 {Stockfish10}) 18. Be3 $18 Nd4 19. d6 (19. Nxd4 exd4 20. Bf4
g5 21. Bd6 Ng6 22. Bxf8 Kxf8 23. d6 $18 {Stockfish10}) 19... Nec6 20. Nxd4 (20.
Rhe1 a5 21. Bxd4 exd4 22. Nd5 $18 {the Bl pieces are hemmed in}) 20... exd4 21.
Bf4 b5 22. Bb3 (22. Bd5) (22. Bd3) 22... Ne5 23. Rac1 Kh7 24. Nd5 (24. Rc5 $18)
24... Nc6 25. Rhe1 $18 (25. Ne7) 25... Na5 26. Rc7 Rxc7 (26... Ra8 $5) 27. dxc7
Re8 28. Nb6 (28. Bd6 {also} Nb7 29. e5 Nxd6 30. exd6 Rxe1 31. Kxe1 Be5 32. Ne7
Bxd6 33. Nxc8 Bxc7 34. Bxf7 $18 {Stockfish10}) 28... f5 29. Nxc8 (29. Bf7 Rf8
30. Nxc8 Rxc8 31. exf5 gxf5 32. Re7 {Stockfish10}) 29... Rxc8 30. exf5 g5 31.
Bg3 (31. Re7 gxf4 32. Rxd7 Nxb3+ 33. axb3 {and Bl has nothing better than} Rxc7
(33... Kg8 34. Rd8+) (33... f3 34. g3 d3 35. f6) 34. Rxc7 $18) 31... Bf6 32.
Bf7 (32. Kd3) 32... Nc4+ 33. Kc2 (33. Bxc4 bxc4 34. b3 cxb3 35. axb3 Kg8 36.
Kd3 Kf7 37. Ra1 Be7 38. Rxa6 Bc5 39. Rxh6 {slow torture}) 33... Nb6 34. Re8 1-0

[Event "Dyfed Open"]
[Site "Fishguard"]
[Date "2019.02.24"]
[Round "5.13"]
[White "Watkins, Peter"]
[Black "Greatorex, Roger"]
[Result "1/2-1/2"]
[WhiteElo "1581"]
[BlackElo "1713"]
[Annotator "kemen"]
[PlyCount "27"]
[EventDate "2019.??.??"]

{[%evp 0,27,44,34,18,25,98,66,146,118,118,106,106,64,61,61,106,114,160,173,203,
191,230,222,153,50,139,175,175,175]} 1. e4 e5 2. Nf3 f5 3. Nxe5 Qf6 4. d4 d6 5.
Nc4 fxe4 6. Ne3 (6. Nc3 Qg6 {main}) 6... c6 (6... Nc6) 7. Be2 (7. Bc4) (7. c4)
7... Ne7 (7... d5 {main}) 8. O-O $18 (8. d5 $18 {Stockfish10}) 8... Ng6 9. Nc3
(9. f3 exf3 10. Bxf3 Qd8 11. Bh5 $18 {Bl has got way behind in development})
9... d5 10. f3 exf3 11. Bxf3 Qd6 12. Ng4 (12. Bg4 $1 Kd8 (12... Bxg4 13. Qxg4
Qd7 14. Nf5 Kd8 15. Qg3 Qc7 16. Bg5+ Kc8 17. Qh3 Nd7 18. Rae1 b5 19. Nh4 Nxh4
20. Bxh4 Bd6 21. Rf7 a5 22. Re6 Ra7 23. Ne2 Rg8 24. Be7 Bxe7 25. Rexe7 $18 {
Stockfish10 or something like this- Wh has too many pieces to work with while
the Bl Rs are nowhere}) 13. Nf5 Bxf5 14. Bxf5 Be7 15. Bd2 Re8 16. Qg4 Bf6 17.
Kh1 Nd7 18. Rae1 {its just a matter of piling up every Wh piece into the area
of the Bl K & sooner or later something will give}) (12. Bxd5 {Stockfish10-if
Wh wants to force a quick entry, then the centre needs to be destoyed. There
is little risk as only 2 Bl pieces are in play} cxd5 (12... Kd8 13. Nc4 Qd7 14.
Bg5+ Be7 15. Bxe7+ Qxe7 16. Rf7 Qg5 17. Be4 Nd7 18. d5 $18) 13. Nb5 (13. Nexd5
Na6 14. Qe2+ Be6 15. Bf4 Qc6 16. Rae1 Kd7 17. Bg3 Re8 18. Ne3 Nc7 19. d5 $18)
13... Qc6 14. Nxd5 Na6 15. Re1+ Kf7 16. Qf3+ Kg8 17. Qb3 Be6 18. Rxe6 Qxe6 19.
Bd2 {eg} Rd8 (19... Nc5 {Stockfish10} 20. Qc4 (20. dxc5 Bxc5+ 21. Kh1 Qf7 $11)
20... a6 21. Nbc7 b5 22. Qc3 Qg4 23. Nxa8 Ne6 24. Qb3 $18) 20. Ne7+ Kf7 21.
Nxg6 Qxb3 22. Nxh8+ Kg8 23. axb3 Kxh8 24. c4 $18) 12... Bxg4 (12... Be7 13. Be2
Rf8 14. Bd2 Be6 15. Rxf8+ Kxf8 16. Bd3 Kg8 $14 {Stockfish10}) 13. Bxg4 Nd7 14.
Qe2+ (14. Re1+ $1 Be7 15. Re6 Qc7 16. Qe2 $18 Nf6 (16... O-O 17. Rxg6 hxg6 18.
Qxe7 $18) 17. Bf5 Rf8 18. Bg5 Rf7 19. Re1 Kf8 20. Qe3 Qd8 (20... Re8 21. Bxf6
gxf6 22. Bxg6 hxg6 23. Qh6+ Rg7 24. Ne2 Kf7 25. Nf4 Qd7 26. c3 Reg8 (26... a5
27. h4 {and Bl is running out of moves}) 27. Rxe7+ Qxe7 28. Rxe7+ Kxe7 29. Qh3
f5 30. Qe3+ Kd7 31. Qe6+ Kd8 32. Qe5 Kc8 33. Kf2 $18 {Stockfish10the Q & N are
far more mobile than the 2 Rs}) 21. h4 $18) (14. Qe2+ Be7 15. Bg5 O-O-O 16.
Bxe7 Nxe7 17. Rf7 Ng6 18. Raf1 Kb8 19. Rxg7 Nf6 20. Rf7 Nxg4 21. Qxg4 Ka8 22.
Na4 Qb4 23. b3 Ne5 24. c3 Qxa4 25. Qe2 Nf3+ 26. R1xf3 Qa5 27. a4 Qb6 28. b4 $18
{Stockfish10-Wh is a pawn up- controls the board- and prepares to open up the
Bl K position}) 1/2-1/2